000 00363nam a2200157Ia 4500
100 _aMalvino/ A. P./ Leach
650 _aElectrical Engineering
942 _cBK
654 _aDigital
245 _aDigital principles & applications
260 _bMc Graw Hill
_aNew Delhi
_c1986
082 _a621.395
_bPAN
300 _a490
546 _aENGLISH
999 _c32814
_d32814